000 00893nam a22002777a 4500
003 0
005 20180726125950.0
008 0
010 _aA-937589
020 _c170.00
_a8186916555
035 _aA-937589, A-937601
037 _bCen Lib/Ret
040 _aDPL
_bEN
_c0
082 _a301
_bANA
100 _aAnand, Navneet
_98609
245 _aSociology :
_cby Navneet Anand, Shamim Akhtar; edited by Kalpana Rajaran
_ba concise overview of the subject incorporating the latest syllabus of the UPSC services preminary examination /
246 _b
260 _bSpectrum India
_c1999
_aNew Delhi
270 _aC2C, Janakpuri
_bNew Delhi
_e110058
300 _avi,338p.
_c22cm(Hb)
650 _aSociology
_938037
650 _aSocial thinkers
_938038
700 _aAkhtar, Shamim
_938039
700 _aRajaram, Kalpana
_923406
942 _2ddc
_cEN
_h301
_mANA
999 _c133473
_d133473